Vista normal Vista MARC

Entrada Materia (personas)

Número de registros utilizados en: 1

001 - CONTROL NUMBER

  • control field: 155354

003 - CONTROL NUMBER IDENTIFIER

  • control field: Co-BoUCM

005 - DATE AND TIME OF LATEST TRANSACTION

  • control field: 20211108100442.0

008 - FIXED-LENGTH DATA ELEMENTS

  • fixed length control field: 211108|| aca||aabn | a|a d

040 ## - CATALOGING SOURCE

  • Original cataloging agency: Co-BoUCM
  • Transcribing agency: Co-BoUCM

100 ## - HEADING--PERSONAL NAME

  • Personal name: Araoz Fraser, Alejandro

670 ## - SOURCE DATA FOUND

  • Source citation: Work cat.: (Co-BoUCM)5514: Araoz Fraser, Alejandro, Altísimos poetas italianos, ingleses, franceses, lusitanos, brasileños y latinos, 1953